| 000 | 00747nam a22002057a 4500 | ||
|---|---|---|---|
| 001 | 114497 | ||
| 003 | DR-UNIBE | ||
| 005 | 20260330092559.0 | ||
| 008 | 260323b2003 ck ||||| |||| 00| 0 spa d | ||
| 040 |
_aBIBLIOTECA UNIBE _cBIBLIOTECA UNIBE _erda |
||
| 041 | _aspa | ||
| 082 | _a347.7287 R426p | ||
| 110 | 2 |
_aRepública de Panamá. _bÓrgano Judicial _9203620 |
|
| 245 | 1 | 0 | _aPerspectivas históricas sobre la justicia panameña en su primeros centenario 1903-2003 |
| 260 |
_aPanamá : _bÓrgano Judicial, _c2003 |
||
| 300 |
_a312 páginas : _bilustraciones |
||
| 650 |
_aAdministración de Justicia _zPanamá _xHistoria _ySiglo XX _9203949 |
||
| 650 |
_aAdministración de Justicia _zPanamá _xHistoria _y Siglo XXI _9203950 |
||
| 942 |
_2ddc _cBK |
||
| 999 |
_c114497 _d114497 |
||